[Event "Anderssen Memorial Open-A 2020"]
[Site "Wroclaw"]
[Date "2020.08.01"]
[Round "1.1"]
[White "Barski, Radoslaw"]
[Black "Burian, Simon"]
[Result "1-0"]
[WhiteElo "2444"]
[BlackElo "2073"]
[Annotator "TA"]
[PlyCount "75"]
[EventDate "2020.08.01"]
[EventType "swiss"]
[EventCountry "POL"]
[SourceTitle "playchess.com"]
[Source "ChessBase"]
[SourceQuality "1"]

{[%evp 9,75,20,42,-9,26,8,15,-2,12,-8,37,37,35,29,41,29,43,42,48,55,66,62,72,51,64,66,85,80,83,88,231,232,228,227,231,233,456,443,414,439,443,443,447,440,440,426,416,352,381,377,386,368,362,333,347,329,540,530,684,688,670,675,688,678,616,552,1092,982]} 1. d4 Nf6 2. c4 c5 3. d5 b5 4. Qc2 bxc4 5. e4 d6 6. Nd2 {A57: Benko/Volga Gambit.} ({White should play} 6. Bxc4 $14 g6 7. Nf3) 6... g6 7. Nxc4 Bg7 8. Nf3 {The position is equal.} O-O 9. Be2 a5 10. O-O Nbd7 {[#]} 11. Bd2 $146 {[%mdl 2048] White is pushing.} ({Predecessor:} 11. Rb1 Ba6 12. b3 Nb6 13. Bb2 a4 14. Rfd1 axb3 15. axb3 Qc7 16. h3 Rfb8 17. Nfd2 Bxc4 18. bxc4 {1-0 (70) Shahriyar-Hanley,C (2359) Dos Hermanas 2003}) 11... a4 12. Rfe1 Qc7 13. Bc3 Bb7 14. Rad1 Rfd8 15. Bf1 Ra7 16. Qd2 Re8 17. e5 dxe5 18. d6 (18. Bxe5 Nxe5 19. Rxe5 Rd8 $17) 18... Qb8 19. Nfxe5 Ba8 {[#]} (19... e6 $16) 20. dxe7 $1 $18 Rxe7 {[#]} 21. Nc6 $1 {[%cal Rc6b8][%mdl 576] Discovered Attack} Bxc6 22. Rxe7 {Strongly threatening Ne5.} Ne4 $2 (22... Nd5 {was worth a try.}) 23. Qe3 Bxc3 24. bxc3 Ndf6 25. Rxa7 {Threatens to win with Re7.} Ng4 {[%csl Gg4][%cal Rb8h2]} 26. Rd8+ ({Not} 26. Qh3 Ngxf2 27. Qf3 Qxa7 $18) 26... Qxd8 {[#]} 27. Qf4 $1 Ngf6 {[#]} 28. Qc7 $1 Qxc7 29. Rxc7 Bb5 30. a3 Nd5 31. Rc8+ Kg7 {intending ...Bxc4.} 32. f3 Bxc4 $2 (32... Ne7 {is a better defense.} 33. Rc7 (33. fxe4 Nxc8 34. e5 f5 $11) 33... Nd5 34. Rxf7+ (34. fxe4 Nxc7 35. Nb6 Kf6 $11) 34... Kxf7) 33. fxe4 {White is clearly winning.} Ne3 34. Bxc4 Nxc4 35. Rxc5 Nxa3 {KR-KN} 36. Kf2 Kf6 37. Ke2 Ke6 38. Kd3 {Black did not feel at home in the position after the opening. Accuracy: White = 96%, Black = 57%.} 1-0

[Event "Anderssen Memorial Open-A 2020"]
[Site "Wroclaw"]
[Date "2020.08.01"]
[Round "1.2"]
[White "Malecki, Rafal"]
[Black "Cukrowski, Filip"]
[Result "0-1"]
[WhiteElo "2071"]
[BlackElo "2419"]
[Annotator "TA"]
[PlyCount "70"]
[EventDate "2020.08.01"]
[EventType "swiss"]
[EventCountry "POL"]
[SourceTitle "playchess.com"]
[Source "ChessBase"]
[SourceQuality "1"]

{[%evp 17,70,-6,0,-8,16,-18,17,-5,-16,-12,17,18,31,25,32,0,33,0,30,27,41,44,27,27,26,28,53,-106,-111,-106,-113,-196,-200,-196,-194,-301,-282,-520,-199,-1316,-1291,-1438,-441,-1437,-1418,-1372,-1301,-1212,-722,-29978,-29979,-29990,-29989,-29989,-12545]} 1. Nf3 Nf6 2. g3 g6 3. Bg2 Bg7 4. O-O O-O 5. d3 d5 6. Nbd2 c5 7. e4 dxe4 8. dxe4 Nc6 9. Re1 e5 10. c3 {A08: King's Indian Attack.} h6 11. Qe2 Be6 12. Nc4 {[%cal Bd2c4,Bc4e3,Be3d5][%mdl 32] The position is equal.} Qc7 13. a4 {[#]} a6 $146 ({Predecessor:} 13... Rfd8 14. Nfd2 b6 15. h3 Rab8 16. Nf1 Qd7 17. Kh2 Qd3 18. Qxd3 Rxd3 19. Nfe3 Rbd8 {½-½ (32) Movsziszian,K (2502)-Oliva Castaneda,K (2499) Sabadell 2016}) 14. Nfd2 b6 15. Ne3 Rfd8 16. Ndc4 Rac8 {[#]} 17. f4 $1 {[%mdl 512]} exf4 {[#]} (17... b5 {is more complex.} 18. fxe5 Nxe5 19. Nxe5 Qxe5 20. axb5 axb5 21. Qxb5 Nxe4 22. Qe2 Ng5) 18. Nd5 $1 {[%cal Rd5c7][%mdl 512]} Bxd5 19. exd5 Nxd5 20. Bxd5 Rxd5 21. Bxf4 Qa7 22. a5 $2 (22. Qg2 $1 $14 {keeps the upper hand.} Rdd8 23. Nd6) 22... Nxa5 $17 23. Nxa5 bxa5 24. Qc4 (24. Rxa5 $17 {was necessary.} c4+ 25. Be3) 24... Rcd8 $19 25. Rxa5 {[#]} Qb6 $1 {[%csl LRa5,LRb2][%cal Rb6a5]} 26. Ra2 (26. Rxa6 $142 Qxb2 27. Ra2 Qxc3 28. Qxc3 Bxc3 29. Re7) 26... Rd1 27. Kf2 $2 (27. Ra1 Rxa1 28. Rxa1) 27... g5 $2 (27... Rxe1 28. Kxe1 g5) 28. Be3 $2 (28. Rxd1 Rxd1 29. Rxa6) 28... Qf6+ 29. Ke2 Rxe1+ {[%mdl 64] Overworked Piece} 30. Kxe1 Qf3 {[%csl Gf3][%cal Rd8d1]} 31. Qe2 Qh1+ 32. Kf2 Rd6 33. Qh5 Rf6+ {Black mates.} 34. Ke2 Qg2+ 35. Kd3 Qd5+ {Accuracy: White = 42%, Black = 56%.} (35... Rd6+ $142 36. Bd4 Bxd4 37. Rxa6 {[#]} c4+ $1 {[%mdl 576] Decoy, Zwischenzug} 38. Kxc4 Qd5+ 39. Kd3 Bc5+ 40. Kc2 Qe4+ 41. Kb3 Rxa6 42. Qg4 Qxg4 43. Kc2 Qe2+ {[%mdl 64] Double Attack} 44. Kb3 Rb6+ 45. Ka4 Qb5#) 0-1

[Event "Anderssen Memorial Open-A 2020"]
[Site "Wroclaw"]
[Date "2020.08.01"]
[Round "1.3"]
[White "Kopylov, Michael"]
[Black "Skurniak, Szymon"]
[Result "1-0"]
[WhiteElo "2407"]
[BlackElo "2036"]
[Annotator "TA"]
[PlyCount "81"]
[EventDate "2020.08.01"]
[EventType "swiss"]
[EventCountry "POL"]
[SourceTitle "playchess.com"]
[Source "ChessBase"]
[SourceQuality "1"]

{[%evp 18,81,28,32,90,70,115,105,120,74,114,94,109,89,111,85,87,90,184,127,113,89,114,-10,-13,-54,290,274,442,292,290,287,253,232,232,232,393,394,384,234,273,187,183,142,140,132,204,203,243,192,184,182,214,208,198,211,209,209,209,208,207,212,376,371,353,357]} 1. d4 Nf6 2. c4 g6 3. g3 Bg7 4. Bg2 d5 5. cxd5 Nxd5 6. Nf3 O-O 7. O-O Nc6 8. Nc3 Nb6 9. d5 Nb4 10. e4 a5 {D76: Fianchetto Grünfeld: Main Line with 7...Nb6.} (10... c6 $14) 11. Bf4 {[#]} Bd7 $146 ({Predecessor:} 11... Bg4 12. a3 Na6 13. Qe2 Nc5 14. Qb5 Ncd7 15. Rac1 c6 16. dxc6 bxc6 17. Qxc6 Rc8 {1-0 (35) Milanovic,S (2370)-Pantovic,D (2102) Belgrade 2018}) 12. Rc1 Rc8 {White is better.} 13. Qe2 c6 14. a3 Na6 15. Ne5 {And now dxc6 would win.} cxd5 16. exd5 Nc5 17. Rfe1 $36 {[%mdl 2048] Keeping Black busy.} e6 (17... Re8 $16) 18. Rcd1 (18. b4 $1 $18 {[%cal Rb4c5]} axb4 19. axb4) 18... exd5 19. Nxd5 Be6 {[%cal Rb6d5]} 20. Nxf7 (20. Nc7 $16 Qxc7 21. Nxg6 hxg6 22. Bxc7 Rxc7 23. Qb5) 20... Rxf7 $11 21. Nc7 (21. Nxb6 {is interesting.} Qxb6 22. b4 axb4 23. Rd6 Qa5 24. axb4 Qxb4 25. Rxe6 Nxe6 26. Qxe6 Rd8 27. Rc1) 21... Qf6 $2 {[%mdl 8192] This move loses the game for Black.} (21... Bd7 $15 {stays ahead.} 22. Nb5 Ne6) 22. Nxe6 $18 Qxb2 $2 (22... Nxe6 23. Qxe6 Qxe6 24. Rxe6 Na4) 23. Qxb2 Bxb2 24. Nxc5 Rxc5 25. Be3 Bxa3 26. Rb1 ({Don't do} 26. Bxc5 $6 Bxc5 27. Re2 Kg7) 26... Nc4 $2 (26... Nd7 27. Bxc5 (27. Bxb7 Rh5 $16) 27... Bxc5) 27. Bxc5 Bxc5 28. Re2 Nb6 29. Rc2 Bb4 30. Rd1 Kg7 31. Rd8 Re7 {[#]} (31... Na4 $16 32. Rdc8 Bd6) 32. Rb8 $1 Re1+ 33. Bf1 Re7 {[#]} 34. Ba6 $1 {[%mdl 576] Pin} Nd5 (34... bxa6 35. Rxb6) 35. Rxb7 Rxb7 36. Bxb7 {KRB-KBN} Nc3 37. Bc6 Kf6 38. Kg2 Ke5 39. Rd2 a4 $2 (39... g5 40. Rd8 h6) 40. f4+ Ke6 {[#]} 41. Bxa4 $1 {[%mdl 512] Accuracy: White = 55%, Black = 42%.} 1-0

[Event "Anderssen Memorial Open-A 2020"]
[Site "Wroclaw"]
[Date "2020.08.01"]
[Round "1.4"]
[White "Szczesniak, Konrad"]
[Black "Sieciechowicz, Marcin"]
[Result "0-1"]
[WhiteElo "2033"]
[BlackElo "2372"]
[Annotator "TA"]
[PlyCount "80"]
[EventDate "2020.08.01"]
[EventType "swiss"]
[EventCountry "POL"]
[SourceTitle "playchess.com"]
[Source "ChessBase"]
[SourceQuality "1"]

{[%evp 20,80,20,27,44,42,58,-37,-25,-114,-121,-119,-109,-118,-110,-111,-115,-100,-92,-97,-98,-156,-156,-158,-164,-221,-186,-175,-156,-168,-155,-294,-102,-108,-107,-127,-110,-110,-79,-87,0,0,0,-33,0,0,0,-7,0,-113,-113,-117,-117,-131,-141,-136,-144,-142,-136,-325,-317,-782,-742]} 1. d4 Nf6 2. c4 g6 3. Nc3 d5 4. cxd5 Nxd5 5. e4 Nxc3 6. bxc3 Bg7 7. Bc4 c5 8. Ne2 Nc6 {[%cal Bb8c6,Bc6a5,Ba5c4,Bc4e3][%mdl 32]} 9. Be3 O-O 10. O-O Na5 {10...b6 is becoming the main line.} 11. Bd3 e5 {[%cal Rc5d4] D87: Exchange Grünfeld: Classical Line: Variations without ...cxd4.} 12. d5 b6 13. Qd2 ({Better is} 13. c4 $14) 13... f5 $1 $15 {Threatens to win with ...f4.Black is slightly better.} 14. f4 (14. f3 $11) 14... fxe4 $17 {[%mdl 64] Overworked Piece} 15. Bxe4 Nc4 16. Qd3 Nxe3 17. Qxe3 Qd6 $1 18. fxe5 Rxf1+ 19. Rxf1 Qxe5 20. Qf3 (20. Qd3 $142) 20... Ba6 $1 21. d6 Rd8 {[#]} 22. Bd5+ $146 (22. Rd1 $142) ({Predecessor:} 22. Rd1 Rxd6 23. Rxd6 Qxd6 24. Bd5+ Kh8 25. Nf4 Qe5 26. h3 Qxc3 27. Qg4 Qd4+ 28. Kh1 {0-1 (34) Andreev,S (2097)-Todorov,M (2246) Sofia 2008}) 22... Kh8 $19 23. c4 Qxd6 24. Nf4 Bc8 25. g4 {[#]} (25. Qe4 $17 {was necessary.}) 25... Be5 $2 (25... b5 $1 $19 {[%mdl 512] has better winning chances.} 26. Kg2 (26. cxb5 g5) 26... bxc4 27. Bxc4 Bd7) 26. Nh3 $17 Bd4+ ({Of course not} 26... Bxh2+ $6 27. Kg2 $11) 27. Kg2 {aiming for Ng5.} Qe7 28. Qf7 Qxf7 29. Rxf7 Be3 ({Black should try} 29... Bxg4 $17 {Strongly threatening ...Rd7.} 30. Rxa7 Rd7) 30. Kf3 $11 Bc1 31. Rxa7 Rf8+ (31... h5 $5 {[%cal Rh5g4]} 32. Nf2 hxg4+ 33. Nxg4 Rf8+ 34. Rf7 Rxf7+ 35. Bxf7 Kg7 $15) 32. Kg3 Bd2 33. Ra8 h6 34. Ra7 (34. Rb8 $11 {keeps the balance.}) 34... Be1+ $17 35. Kg2 Bxg4 36. Rb7 Rf6 37. Re7 {[#]} Bh4 $1 38. Rb7 g5 39. Ra7 $2 (39. Ng1 $17) 39... Be2 $19 {White must now prevent ...Bf1+.} 40. Re7 $2 (40. Ng1 Bf1+ 41. Kh1) 40... Bf1+ {Accuracy: White = 47%, Black = 82%.} 0-1

[Event "Anderssen Memorial Open-A 2020"]
[Site "Wroclaw"]
[Date "2020.08.01"]
[Round "1.5"]
[White "Nguyen, Alex Dac-Vuong"]
[Black "Jankowiak, Piotr"]
[Result "1/2-1/2"]
[WhiteElo "2366"]
[BlackElo "2009"]
[Annotator "TA"]
[PlyCount "100"]
[EventDate "2020.08.01"]
[EventType "swiss"]
[EventCountry "POL"]
[SourceTitle "playchess.com"]
[Source "ChessBase"]
[SourceQuality "1"]

{[%evp 16,100,14,0,12,17,24,33,38,41,27,18,19,12,16,18,18,0,0,0,0,0,31,0,24,0,19,0,0,0,0,0,0,-18,-18,-18,-18,-18,-19,-18,-20,-19,0,0,0,-10,-14,-10,-11,-10,-10,-156,-19,-19,-19,-24,-19,-19,-19,-19,-19,-19,-19,-27,-19,-19,-19,-82,-82,-82,-82,-82,-54,-54,-54,-54,-54,-54,-54,-54,-54,-54,-54,-54,-54,-54,-54]} 1. e4 e5 2. Nf3 Nc6 3. Bb5 a6 4. Ba4 Nf6 5. O-O Be7 6. d3 b5 7. Bb3 d6 8. a3 O-O 9. Nc3 Be6 {Recently 9...Na5 got a lot of attention. C77: Ruy Lopez: 3...a6 4 Ba4 Nf6, unusual lines.} 10. Nd5 Bxd5 11. exd5 Nd4 {White is slightly better.} 12. Nxd4 exd4 {[#]} 13. Re1 $146 ({Predecessor:} 13. c3 dxc3 14. bxc3 Nd7 15. d4 Nb6 16. a4 Bf6 17. Qd3 Qd7 18. axb5 axb5 19. Ba3 g6 20. Bb4 Kg7 21. Rfb1 {½-½ (21) Gharamian,T (2655)-Sokolov,I (2650) Saint-Quentin 2014}) 13... Nd7 14. Bd2 Nc5 15. Ba2 Na4 16. b4 Qd7 17. Qf3 Bf6 18. Bb3 Rfe8 19. g4 Be5 20. Kg2 g6 21. Qh3 Bh8 22. f4 Rxe1 23. Rxe1 Nc3 24. Qf3 Re8 25. Bxc3 dxc3 26. Re4 Rxe4 27. dxe4 Qe7 28. g5 h6 29. h4 Kf8 30. a4 hxg5 31. hxg5 f6 32. gxf6 Bxf6 33. f5 {[#]} (33. Kh2 $11) 33... Qe5 (33... g5 $1 $17) 34. fxg6 $11 Qg5+ 35. Qg3 Qxg3+ (35... Qd2+ {looks sharper.} 36. Kh3 Kg7 37. Qg4 Qf2 38. Qf5 Qg1) 36. Kxg3 {[%mdl 4096] Endgame KB-KB} Kg7 37. axb5 axb5 38. Kg4 Kxg6 39. Kf4 Be5+ 40. Ke3 Kg5 41. Kd3 (41. Ba2 $11) 41... Kf4 $17 42. Ba2 Kf3 43. Bb3 Kf2 44. Ba2 {Black is slightly better.} Ke1 45. Bb3 Kd1 46. Ke3 Kc1 47. Kd3 Kb2 48. Ke3 Ka3 49. Kd3 Kxb4 50. Ke3 Kc5 {Accuracy: White = 86%, Black = 88%.} 1/2-1/2

[Event "Anderssen Memorial Open-A 2020"]
[Site "Wroclaw"]
[Date "2020.08.01"]
[Round "1.6"]
[White "Golecki, Jan"]
[Black "Kopylov, Daniel"]
[Result "0-1"]
[WhiteElo "2106"]
[BlackElo "2348"]
[Annotator "ChessBase"]
[PlyCount "131"]
[EventDate "2020.08.01"]
[EventType "swiss"]
[EventCountry "POL"]
[SourceTitle "playchess.com"]
[Source "ChessBase"]
[SourceQuality "1"]
[TimeControl "40/5400+15:1800+30"]

1. d4 {[%emt 0:00:00]} Nf6 {[%emt 0:00:00]} 2. c4 {[%emt 0:00:00]} g6 {[%emt 0:00:00]} 3. Nc3 {[%emt 0:00:00]} d5 {[%emt 0:00:00]} 4. cxd5 {[%emt 0:00:00]} Nxd5 {[%emt 0:00:00]} 5. e4 {[%emt 0:00:00]} Nxc3 {[%emt 0:00:00]} 6. bxc3 {[%emt 0:00:00]} Bg7 {[%emt 0:00:14]} 7. Nf3 {[%emt 0:05:46]} c5 {[%emt 0:00:12]} 8. Be3 {[%emt 0:00:00]} Qa5 {[%emt 0:01:21]} 9. Qd2 {[%emt 0:00:00]} O-O {[%emt 0:00:44]} 10. Bc4 {[%emt 0:04:02]} Nc6 {[%emt 0:04:45]} 11. Rb1 {[%emt 0:01:45]} cxd4 {[%emt 0:06:29]} 12. cxd4 {[%emt 0:00:20]} Qxd2+ {[%emt 0:00:23]} 13. Kxd2 {[%emt 0:00:00]} Rd8 {[%emt 0:02:07]} 14. Bd5 {[%emt 0:12:06]} e6 {[%emt 0:04:17]} 15. Bxc6 {[%emt 0:00:19]} bxc6 {[%emt 0:00:00]} 16. Rhc1 {[%emt 0:07:34]} e5 {[%emt 0:01:25]} 17. Rxc6 {[%emt 0:02:49]} exd4 {[%emt 0:00:47]} 18. Bg5 {[%emt 0:03:18]} Re8 {[%emt 0:01:48]} 19. Kd3 {[%emt 0:06:34]} h6 {[%emt 0:06:22]} 20. Bf6 Bxf6 {[%emt 0:17:44]} 21. Rxf6 {[%emt 0:20:38]} Be6 {[%emt 0:00:43]} 22. Nxd4 {[%emt 0:01:16]} Kg7 {[%emt 0:02:55]} 23. Rf3 {[%emt 0:01:14]} Red8 {[%emt 0:01:57]} 24. Rb7 {[%emt 0:07:29]} Bxa2 {[%emt 0:03:04]} 25. Ke3 {[%emt 0:01:59]} a5 {[%emt 0:01:08]} 26. Nc6 {[%emt 0:06:24]} Rdc8 {[%emt 0:06:05]} 27. Rb2 {[%emt 0:04:58]} Be6 {[%emt 0:04:23]} 28. Nd4 {[%emt 0:03:16]} Rc3+ {[%emt 0:12:48]} 29. Kf4 {[%emt 0:04:20]} Rxf3+ {[%emt 0:00:31]} 30. Kxf3 {[%emt 0:00:00]} a4 {[%emt 0:01:15]} 31. Nxe6+ {[%emt 0:00:00]} fxe6 {[%emt 0:00:00]} 32. Ke3 {[%emt 0:00:57]} a3 {[%emt 0:01:11]} 33. Ra2 {[%emt 0:00:00]} Kf6 {[%emt 0:00:37]} 34. f3 {[%emt 0:00:00]} Ke5 {[%emt 0:01:08]} 35. g3 {[%emt 0:00:00]} Ra4 {[%emt 0:00:53]} 36. Kd3 {[%emt 0:00:00]} g5 {[%emt 0:05:49]} 37. h3 {[%emt 0:00:15]} Ra8 {[%emt 0:03:29]} 38. Ke3 {[%emt 0:00:00]} Kd6 {[%emt 0:01:59]} 39. Kd4 {[%emt 0:00:00]} h5 {[%emt 0:00:33]} 40. h4 {[%emt 0:00:00]} gxh4 {[%emt 0:00:00]} 41. gxh4 {[%emt 0:16:06]} Ra4+ {[%emt 0:20:31]} 42. Kd3 {[%emt 0:04:14]} Ke5 {[%emt 0:01:11]} 43. Ke3 {[%emt 0:00:01]} Ra8 {[%emt 0:00:26]} 44. f4+ {[%emt 0:00:17]} Kd6 {[%emt 0:00:25]} 45. Kd4 {[%emt 0:02:46]} Ra4+ {[%emt 0:00:17]} 46. Kd3 {[%emt 0:00:04]} Kc5 {[%emt 0:00:33]} 47. Rc2+ {[%emt 0:07:35]} Kb5 {[%emt 0:01:12]} 48. Ra2 {[%emt 0:00:37]} Kb4 {[%emt 0:02:19]} 49. Ra1 {[%emt 0:01:03]} a2 {[%emt 0:01:57]} 50. Kc2 {[%emt 0:02:25]} Ka3 {[%emt 0:00:47]} 51. Re1 {[%emt 0:01:31]} Rxe4 {[%emt 0:00:50]} 52. Rxe4 {[%emt 0:00:06]} a1=Q {[%emt 0:00:09]} 53. Re3+ {[%emt 0:01:14]} Kb4 {[%emt 0:00:13]} 54. Re4+ {[%emt 0:00:03]} Kc5 {[%emt 0:00:08]} 55. Kd3 {[%emt 0:00:22]} Qd1+ {[%emt 0:00:31]} 56. Ke3 {[%emt 0:00:07]} Qe1+ {[%emt 0:00:09]} 57. Kd3 {[%emt 0:00:26]} Qxh4 {[%emt 0:00:36]} 58. Rxe6 {[%emt 0:00:01]} Qxf4 {[%emt 0:00:13]} 59. Re4 {[%emt 0:00:21]} Qf1+ {[%emt 0:00:13]} 60. Ke3 {[%emt 0:00:05]} h4 {[%emt 0:00:26]} 61. Rf4 {[%emt 0:00:17]} Qe1+ {[%emt 0:00:36]} 62. Kf3 {[%emt 0:00:31]} Qg3+ {[%emt 0:00:14]} 63. Ke4 {[%emt 0:00:04]} h3 {[%emt 0:00:08]} 64. Rf3 {[%emt 0:00:05]} Qg4+ {[%emt 0:00:26]} 65. Ke3 {[%emt 0:00:07]} h2 {[%emt 0:00:09]} 66. Rh3 {[%emt 0:00:05]} 0-1

[Event "Anderssen Memorial Open-A 2020"]
[Site "Wroclaw"]
[Date "2020.08.01"]
[Round "1.7"]
[White "Zwahr, Paul"]
[Black "Vanduyfhuys, Daria"]
[Result "1-0"]
[WhiteElo "2277"]
[BlackElo "1985"]
[Annotator "TA"]
[PlyCount "69"]
[EventDate "2020.08.01"]
[EventType "swiss"]
[EventCountry "POL"]
[SourceTitle "playchess.com"]
[Source "ChessBase"]
[SourceQuality "1"]

{[%evp 30,69,38,31,50,40,47,40,62,60,63,66,62,11,47,2,8,7,20,20,12,9,49,36,29,31,47,43,51,4,85,-10,66,66,210,199,802,766,29986,29987,29987,1294]} 1. e4 c5 2. Nf3 Nc6 3. d4 cxd4 4. Nxd4 Nf6 5. Nc3 e5 6. Ndb5 d6 7. Bg5 a6 8. Na3 b5 9. Nd5 Be7 10. Bxf6 Bxf6 11. c3 O-O 12. Nc2 Bg5 13. a4 bxa4 14. Rxa4 a5 15. Bc4 Rb8 16. b3 Be6 {B33: Sicilian: Pelikan and Sveshnikov Variations.} 17. Nce3 Qd7 18. O-O {[#]} Rfd8 $146 {White is slightly better.} ({Predecessor:} 18... Bd8 19. Qd3 g6 20. Bb5 Qb7 21. Bxc6 Qxc6 22. Rxa5 Rxb3 23. Ra6 Qc5 24. Rxd6 Qxd6 {1-0 (38) Gschnitzer,A (2322)-Schmidt,U (2147) Walldorf 2017}) 19. Qd3 Kh8 20. Rfa1 g6 21. Nc2 (21. Bb5 $14) 21... f5 22. b4 (22. Qg3 {with more complications.} Bh6 23. Qh4 Qg7 24. Nde3 Bd7 25. Rd1) 22... axb4 23. Ncxb4 {Black should prevent Qg3.} Nxb4 24. cxb4 fxe4 25. Qxe4 Bf5 26. Qe2 Rdc8 27. h3 Qc6 28. b5 Qc5 29. Rd1 Bd7 {[#]} (29... Be6 $11) 30. Rb4 (30. Nc3 $1 $16 {[%cal Rc3e4] Threatens to win with Ne4.} Qc7 31. Qb2) 30... Rb7 (30... Be6 $11 31. Qe4 Bxd5 32. Bxd5 Rf8) 31. b6 $36 {[%mdl 2048] Hoping for Ba6. White has good play.} Bc6 {Black cannot hold the game after this.} (31... Rf8 $14) 32. Qg4 $18 {[%mdl 64] Double Attack} Rbb8 $2 (32... Rf8) 33. Qxg5 {White wants to mate with Qf6+.} Bxd5 34. Qf6+ {[%mdl 64] [#] Zwischenzug} Kg8 35. Bxd5+ {Accuracy: White = 66%, Black = 41%.} 1-0

[Event "Anderssen Memorial Open-A 2020"]
[Site "Wroclaw"]
[Date "2020.08.01"]
[Round "1.8"]
[White "Roessler, Frank-Peter"]
[Black "Chmiel, Marcin"]
[Result "0-1"]
[WhiteElo "1902"]
[BlackElo "2267"]
[Annotator "TA"]
[PlyCount "54"]
[EventDate "2020.08.01"]
[EventType "swiss"]
[EventCountry "POL"]
[SourceTitle "playchess.com"]
[Source "ChessBase"]
[SourceQuality "1"]

{[%evp 9,54,9,37,42,54,47,56,26,50,48,94,86,80,69,101,35,46,27,81,10,35,25,69,-59,-59,-61,-64,-49,0,0,0,0,0,0,10,0,23,9,14,-89,-103,-1251,-1172,-5385,-5385,-5381,-1456]} 1. f4 d5 2. Nf3 Bg4 3. e3 Nd7 4. h3 Bxf3 5. Qxf3 e5 6. Qxd5 {A03: Bird's Opening with 1...d5.} Qh4+ 7. Kd1 O-O-O 8. Qf3 {White is slightly better.} ({But not} 8. Qxf7 Nh6 $15) 8... exf4 9. exf4 {[#]} Ngf6 $146 ({Predecessor:} 9... Ne7 10. g3 Qf6 11. Bg2 Nc6 12. Nc3 Nc5 13. d3 Nd4 14. Qf2 Qd6 15. Be3 Nf5 {0-1 (27) Pogosyan,S (2364)-Gasanov,E (2481) Skolkovo 2019}) 10. g3 Qh5 11. g4 Qa5 {[#]} 12. Bg2 (12. Bc4 $1 $16) 12... c6 $14 13. Nc3 Bb4 (13... Nb6 $11 {remains equal.}) 14. a3 ({White should play} 14. g5 $16) 14... Rhe8 15. Re1 $1 h5 16. Rb1 ({White should try} 16. Rxe8 $14 Rxe8 17. Ne2) 16... Bxc3 17. bxc3 hxg4 18. hxg4 Nc5 19. Rb4 Nd5 {White must now prevent ...Na4.} 20. Rxe8 Rxe8 21. g5 Qd8 {[#] Strongly threatening ...Ne3+.} 22. Rd4 $1 Qb6 23. Qh3+ Kb8 24. Bxd5 (24. f5 $11) 24... cxd5 $40 {[%mdl 128] Black attacks with force.} 25. Qf5 $2 {[%mdl 8192]} (25. Qh2 $17) 25... Ne4 $19 {[%cal Re4f2] Black is clearly winning.} 26. Qe5+ Rxe5 27. fxe5 Qe6 {Accuracy: White = 45%, Black = 68%.} 0-1

[Event "Anderssen Memorial Open-A 2020"]
[Site "Wroclaw"]
[Date "2020.08.01"]
[Round "1.9"]
[White "Wong, Gengchun"]
[Black "Bojczewski, Mateusz"]
[Result "1-0"]
[WhiteElo "2190"]
[BlackElo "1886"]
[Annotator "RC"]
[PlyCount "53"]
[EventDate "2020.08.01"]
[EventType "swiss"]
[EventCountry "POL"]
[SourceTitle "playchess.com"]
[Source "ChessBase"]
[SourceQuality "1"]
[TimeControl "40/5400+15:1800+30"]

1. e4 {[%emt 0:00:00]} c6 {[%emt 0:00:00]} 2. d4 {[%emt 0:00:00]} d5 {[%emt 0:00:00]} 3. Nc3 {[%emt 0:00:00]} dxe4 {[%emt 0:00:00]} 4. Nxe4 {[%emt 0:00:00]} Nd7 {[%emt 0:00:00]} 5. Ng5 {[%emt 0:02:12]} Ngf6 {[%emt 0:03:25]} 6. Bd3 {[%emt 0:03:57]} e6 {[%emt 0:05:21]} 7. N1f3 {[%emt 0:07:50]} Bd6 {[%emt 0:15:11]} 8. Qe2 {[%emt 0:01:44]} h6 {[%emt 0:17:10]} 9. Ne4 {[%emt 0:02:12]} Nxe4 {[%emt 0:00:24]} 10. Qxe4 {[%emt 0:03:14]} Nf6 {[%emt 0:00:01]} 11. Qe2 {[%emt 0:00:00]} O-O {[%emt 0:02:42]} 12. Bd2 {[%emt 0:21:01]} b6 {[%emt 0:01:43]} 13. O-O-O {[%emt 0:00:05]} Bb7 {[%emt 0:01:08]} 14. g4 {[%emt 0:00:46]} Qc7 {[%emt 0:08:41]} 15. g5 {[%emt 0:19:22]} hxg5 {[%emt 0:00:40]} 16. Ne5 {[%emt 0:08:22]} c5 {[%emt 0:21:17]} 17. Bxg5 {[%emt 0:00:58]} Nd5 {[%emt 0:06:15]} 18. Rhg1 {[%emt 0:04:23]} cxd4 {[%emt 0:02:41]} 19. f4 {[%emt 0:17:40]} f5 {[%emt 0:05:25]} 20. Bh6 {[%emt 0:00:16]} Bxe5 {[%emt 0:00:35]} 21. fxe5 {[%emt 0:00:00]} Rf7 {[%emt 0:00:04]} 22. Rg6 {[%emt 0:00:32]} Kf8 {[%emt 0:01:23]} 23. Bg5 {[%emt 0:00:26]} Qd7 {[%emt 0:00:35]} 24. Bb5 {[%emt 0:00:21]} Bc6 {[%emt 0:00:01]} 25. Bxc6 {[%emt 0:00:00]} Qxc6 {[%emt 0:00:00]} 26. Rxd4 {[%emt 0:00:00]} Rc8 {[%emt 0:00:22]} 27. Kb1 {[%emt 0:00:36]} 1-0